Quiz sbagliato! - Statistics

Statistiche generali
  • Questo quiz è stato fatto 90 volte
  • Il punteggio medio è 16 su 20
Statistiche sulle risposte
Domanda Risposta % Corretto
Nel mezzo del cammin di nostra gita vita
100%
Finché la banca va barca
99%
Se non è zuppa è can bagnato pan
99%
Tutte le storie portano a Roma strade
99%
Pallone d'Achille tallone
99%
Harry Potter e il salice di fuoco calice
98%
Occhio non crede, cuore non duole vede
98%
Uova all'occhio di due bue
95%
Ci vuole un risiko bestiale fisico
95%
Batman - Il carpentiere oscuro cavaliere
88%
Aiutami a smaltire come cenere sparire
84%
L'ultimo dei Mohigatti Mohicani
82%
Lezioni di Mentana, c'è il Buddha in fila indiana Nirvana
82%
Ultimo fango a Parigi tango
78%
Ah, è la cumbia della gioia noia
77%
Strada di Damocle spada
68%
L'invincibile Hulk incredibile
66%
Datemi un cartello martello
56%
Le manie della notte mani
17%
A chi ti dà il montone, dagli la coscia e l'alone cappone
10%
Nessun quiz corrispondente trovato
Distribuzione punteggi
Percentuale di utenti per punteggio
Percentile per numero di risposta
I tuoi punteggi nel tempo
Non hai fatto questo quiz